000 00762nam a22002657a 4500
001 18863
003 BD-RjUL
005 20211209000339.0
008 140222s20081997ii ||||| |||| 001 0 eng d
020 _a 9788120311237
020 _a812031123X
035 _a(BD-RjUL)18921
040 _aBD-RjUL
_beng
_cBD-RjUL
041 _aeng
082 _220
_a 670.4275
_bKAC 2008
100 _a Kant ,Krishna
_qKrishna Kant
_958174
245 _aComputer-based industrial control /
_cKrishna Kant.
260 _aNew Delhi :
_bPrentice-Hall of India,
_c1997.
300 _axiii, 522 p. :
_b ill. ;
_c24 cm.
504 _aIncludes index.
650 _2 Process control.
650 _2Programmable controllers
651 _3Automation.
942 _2ddc
_cBK
999 _c18863
_d18863